| 000 | 00665nam a2200241Ia 4500 | ||
|---|---|---|---|
| 003 | OSt | ||
| 005 | 20220928120430.0 | ||
| 006 | a|||||r|||| 00| 0 | ||
| 007 | ta | ||
| 008 | 220927b |||||||| |||| 00| 0 eng d | ||
| 024 | _a39943 | ||
| 037 | _cTextual | ||
| 040 |
_aSDCL _cSDCL _beng |
||
| 041 |
_2eng _aeng |
||
| 082 | _aR3xN30, P8 | ||
| 100 | _aLewis Michael | ||
| 245 | 0 |
_aDerrida and lacan _b Another writing. |
|
| 260 |
_aEdinburgh _bEdinburgh University Press _c2008 |
||
| 300 |
_axii,282p. _ccm. |
||
| 650 |
_aDerrida Jacques-Philosophy _9407348 |
||
| 942 |
_hR3xN30, P8 _cTEXL _2CC |
||
| 999 |
_c763658 _d763658 |
||